000 00423nam a2200169Ia 4500
001 23586
008 140410s9999 xx 000 0 und d
020 _a0-9536688-0-0
040 _cPK-LaUMT
082 _a 657.42
_bARC-R
100 _aValerie Archibald
245 _aResource accounting
_cValerie Archibald
260 _aNew York,USA:
_bComputer Science Press,
_c1999
300 _a228 p.
546 _aEN
942 _cBK
999 _c23811
_d23811